000 00238nam a22001097a 4500
041 _aeng
080 _a80
100 _aAlptekin, P., Nolasco, R.
245 _aWindow On the World. GrandPrB.3
650 _aEnglish Practice
999 _c279931
_d279931
942 _cBK